Strikes and the government, 1893-1981 /

Bibliographic Details
Main Author: Wigham, Eric L.
Format: Book
Language:English
Published: London : Macmillan, 1982.
Edition:2nd ed.
Subjects:

MARC

Tag First Indicator Second Indicator Subfields
LEADER 00000cam a2200000 a 4500
001 in00000091691
005 20150923131736.0
008 820421s1982 enk b 00110 eng d
020 |a 0333323025 
035 |a (OCoLC)08358012 
035 |9 AAK7022AM 
040 |a KKU  |c KKU  |d OCL  |d UtOrBLW 
043 |a e-uk--- 
049 |a TXAM  |c [1673570] 
090 |a HD8391  |b  W54 1982 
100 1 |a Wigham, Eric L. 
245 1 0 |a Strikes and the government, 1893-1981 /  |c Eric Wigham. 
250 |a 2nd ed. 
264 1 |a London :  |b Macmillan,  |c 1982. 
300 |a viii, 248 pages ;  |c 23 cm. 
336 |a text  |b txt  |2 rdacontent 
337 |a unmediated  |b n  |2 rdamedia 
338 |a volume  |b nc  |2 rdacarrier 
504 |a Includes bibliographical references and index. 
650 0 |a Labor policy  |z Great Britain  |x History. 
650 0 |a Labor disputes  |z Great Britain  |x History. 
650 0 |a Industrial relations  |z Great Britain  |x History. 
999 |a MARS 
999 f f |s c2bc04ff-cde3-3a3e-92a8-e3836cd68e27  |i d70d808b-11b6-30ce-bb92-37388369a831  |t 0 
952 f f |p ric  |a Texas A&M University  |b Rellis Campus  |c Joint Library Facility  |d Remote Storage  |t 0  |e HD8391 W54 1982  |h Library of Congress classification  |i unmediated -- volume  |m A14806008346 
998 f f |a HD8391 W54 1982  |t 0  |l Remote Storage